000 00801cab a2200277 4500
001 ABS60359
008 090401t1999 xxu||||| |||| 00| 0 eng d
035 _a(Sirsi) u92553
041 _aeng
100 _aShea, C.
245 _aIf the cap fits, how much will it cost?
260 _c1999
350 _a0
490 _aProperty Week
_v64(13) 1 April 1999, 33(1)
650 _aCONTRIBUTORY NEGLIGENCE
650 _aDAMAGES
650 _aLENDERS
650 _aLOAN TO VALUE RATIO
650 _aPLATFORM HOME LOANS LTD V OYSTON SHIPWAYS LTD AND OTHERS
650 _aSOUTH AUSTRALIA ASSET MANAGEMENT CORPORATION V YORK MONTAGUE LTD
650 _aVALUERS
690 _aMANAGEMENT-BUSINESS MANAGEMENT-PROFESSIONAL PRACTICE
700 _aTanney, A.
942 _n0
948 _c06/04/1999
999 _c58670
_d58670